| 000 | 00590nam a2200217 a 4500 | ||
|---|---|---|---|
| 005 | 20210219152858.0 | ||
| 008 | 991125n 000 0 u | ||
| 035 | _aUPN01000064875 | ||
| 100 | _aFey, Marc E. | ||
| 222 | _aLANGUAGE, SPEECH, AND HEARING SERVICE IN SCHOOLS | ||
| 245 | _aArticulation and phonology | ||
| 300 | _a224-232 | ||
| 362 | _a23, No. 3, 1992 | ||
| 505 | _aFebrero 1993 | ||
| 653 | 0 | _aDETERIORO DE LA ARTICULACION | |
| 653 | 0 | _aTRASTORNOS DEL LENGUAJE | |
| 653 | 0 | _aEVALUACION DEL HABLA | |
| 653 | 0 | _aFONOLOGIA | |
| 904 |
_aAC _b002686 |
||
| 905 | _aArticulo | ||
| 999 |
_c62792 _d62792 |
||